[Event "SRB Central-ch op-A 6th"]
[Site "Paracin"]
[Date "2013.07.06"]
[Round "2"]
[White "Van Vliet, Dennis"]
[Black "Livaja, Mario"]
[Result "0-1"]
[WhiteElo "2079"]
[BlackElo "2225"]
[PlyCount "106"]
[EventDate "2013.07.05"]
[EventType "swiss"]
[EventRounds "9"]
[EventCountry "SRB"]
[SourceTitle "CBM 155 Extra"]
[Source "ChessBase"]
[SourceDate "2013.08.26"]
[SourceVersion "1"]
[SourceVersionDate "2013.08.26"]
[SourceQuality "1"]

1. d4 Nf6 2. c4 g6 3. Nc3 Bg7 4. e4 d6 5. Be2 0-0 6. Nf3 e5 7. 0-0 Nc6 8. d5 Ne7 9. Ne1 Ne8 10. Nd3 f5 11. Bd2 Nf6 12. f3 f4 13. c5 g5 14. Rc1 Ng6 15. Nb5 Rf7 16. Ba5 b6 17. cxd6 cxd6 18. Bb4 Ne8 19. a4 Bf8 20. Rc6 Bd7 21. Nf2 Rg7 22. Qb3 Kh8 23. Rd1 Bxc6 24. dxc6 a6 25. Na3 Ne7 26. Nc4 Nxc6 27. Bc3 Qc7 28. Nxb6 Rb8 29. a5 Qb7 30. Qa4 Nc7 31. Bc4 h5 32. h3 Be7 33. Ra1 Na7 34. Nd7 Rd8 35. Nb6 Nab5 36. Rd1 Bf6 37. Qa2 Qc6 38. Bf7 g4 39. Bxh5 gxh3 40. Bg4 Nxc3 41. bxc3 h2+ 42. Kh1 Bh4 43. c4 Qc5 44. Nd3 Qe3 45. Bh3 Rdg8 46. c5 Nb5 47. Nd7 Qd4 48. cxd6 Nxd6 49. Qe2 Qc4 50. Qb2 Qa4 51. Qe2 Nc4 52. N3c5 Qb5 53. Ne6 Rxd7 0-1

[Event "Lille Luce op 4th"]
[Site "Lille"]
[Date "2013.04.15"]
[Round "3"]
[White "Van Vliet, Dennis"]
[Black "Castellanos Rodriguez, Renier"]
[Result "0-1"]
[WhiteElo "2082"]
[BlackElo "2505"]
[PlyCount "56"]
[EventDate "2013.04.13"]
[EventType "swiss"]
[EventRounds "9"]
[EventCountry "FRA"]
[SourceTitle "CBM 154 Extra"]
[Source "ChessBase"]
[SourceDate "2013.06.25"]
[SourceVersion "2"]
[SourceVersionDate "2013.06.25"]
[SourceQuality "1"]

1. d4 Nf6 2. c4 e6 3. Nc3 c5 4. d5 exd5 5. cxd5 d6 6. Nf3 g6 7. Bf4 a6 8. a4 Bg7 9. Nd2 Nh5 10. Bg3 Nxg3 11. hxg3 Nd7 12. e3 Ne5 13. Be2 h5 14. Nc4 h4 15. g4 Nxc4 16. Bxc4 Qe7 17. Qe2 Bd7 18. a5 0-0 19. Ra3 Qg5 20. f3 Rae8 21. Ne4 Rxe4 22. fxe4 Be5 23. Qd1 Bxb2 24. Rb3 Ba4 25. Qd3 Bxb3 26. Qxb3 Be5 27. Be2 c4 28. Qxc4 Qxe3 0-1

[Event "Cappelle op 29th"]
[Site "Cappelle la Grande"]
[Date "2013.02.26"]
[Round "5"]
[White "Van Vliet, Dennis"]
[Black "Delaruelle, Christian"]
[Result "1-0"]
[WhiteElo "2068"]
[BlackElo "1864"]
[PlyCount "31"]
[EventDate "2013.02.23"]
[EventType "swiss"]
[EventRounds "9"]
[EventCountry "FRA"]
[SourceTitle "CBM 153 Extra"]
[Source "ChessBase"]
[SourceDate "2013.04.22"]
[SourceVersion "1"]
[SourceVersionDate "2013.04.22"]
[SourceQuality "1"]

1. d4 e5 2. dxe5 Nc6 3. Nf3 Qe7 4. Bf4 Qb4+ 5. Bd2 Qxb2 6. Nc3 Nb4 7. Nd4 Bc5 8. Rb1 Qa3 9. Ncb5 Qa5 10. a3 Qb6 11. Bxb4 Bxd4 12. Nxd4 c5 13. Bc3 Qxb1 14. Qxb1 cxd4 15. Bxd4 Ne7 16. Bc5 1-0

[Event "Cappelle op 29th"]
[Site "Cappelle la Grande"]
[Date "2013.02.25"]
[Round "3"]
[White "Van Vliet, Dennis"]
[Black "Nemcova, Katerina"]
[Result "0-1"]
[WhiteElo "2068"]
[BlackElo "2368"]
[PlyCount "56"]
[EventDate "2013.02.23"]
[EventType "swiss"]
[EventRounds "9"]
[EventCountry "FRA"]
[SourceTitle "CBM 153 Extra"]
[Source "ChessBase"]
[SourceDate "2013.04.22"]
[SourceVersion "1"]
[SourceVersionDate "2013.04.22"]
[SourceQuality "1"]

1. d4 Nf6 2. c4 e6 3. Nc3 Bb4 4. f3 0-0 5. a3 Bxc3+ 6. bxc3 Nh5 7. Nh3 f5 8. e3 Nc6 9. Bd3 b6 10. 0-0 Ba6 11. e4 f4 12. e5 Na5 13. Qe2 Qe7 14. a4 Rac8 15. Re1 Rf7 16. Nf2 g6 17. Ba3 Qh4 18. Ne4 Ng3 19. hxg3 fxg3 20. Nxg3 Qxg3 21. Bb4 Rf4 22. Bxa5 bxa5 23. Qf2 Qg5 24. Rad1 Rcf8 25. Kf1 Bb7 26. Re3 Rg4 27. Rd2 Rxg2 28. Qxg2 Qxe3 0-1

[Event "Teplice op 7th"]
[Site "Teplice"]
[Date "2012.06.24"]
[Round "9"]
[White "Van Vliet, Dennis"]
[Black "Furman, Boris"]
[Result "0-1"]
[WhiteElo "2077"]
[BlackElo "2285"]
[PlyCount "64"]
[EventDate "2012.06.16"]
[EventType "swiss"]
[EventRounds "9"]
[EventCountry "CZE"]
[SourceTitle "CBM 149 Extra"]
[Source "ChessBase"]
[SourceDate "2012.08.24"]
[SourceVersion "1"]
[SourceVersionDate "2012.08.24"]
[SourceQuality "1"]

1. d4 Nf6 2. c4 e6 3. Nc3 Bb4 4. f3 c5 5. a3 Bxc3+ 6. bxc3 d5 7. cxd5 exd5 8. e3 c4 9. e4 dxe4 10. fxe4 Nxe4 11. Qf3 0-0 12. Bxc4 Qc7 13. Qxe4 Qxc4 14. Ne2 f5 15. Qf3 Re8 16. Kf2 Nd7 17. Re1 Nf6 18. Kg1 Bd7 19. Bg5 Bc6 20. Qf1 Nd5 21. Qf2 Nxc3 22. Nxc3 Qxc3 23. Rec1 Qd3 24. Rd1 Qe4 25. Bf4 Qd5 26. Qg3 Re6 27. Rd2 Rae8 28. Rad1 Rg6 29. Qf2 Re4 30. Rc1 Rxf4 31. Qxf4 Rxg2+ 32. Kf1 Bb5+ 0-1